O sole mio! (Lp Sm 3532) (Record n. 102744)
[ formato base ]
| 000 -LEADER | |
|---|---|
| fixed length control field | 02958njm a2200493Ia 4500 |
| 001 - CONTROL NUMBER | |
| control field | 23886 |
| 003 - CONTROL NUMBER IDENTIFIER | |
| control field | IT-RoPAU |
| 005 - DATE AND TIME OF LATEST TRANSACTION | |
| control field | 20220918181158.0 |
| 008 - FIXED-LENGTH DATA ELEMENTS--GENERAL INFORMATION | |
| fixed length control field | 131025s9999 xx 000 0 und d |
| 040 ## - CATALOGING SOURCE | |
| Original cataloging agency | IT-RoPAU |
| 040 ## - CATALOGING SOURCE | |
| Transcribing agency | IT-RoPAU |
| 999 ## - SYSTEM CONTROL NUMBERS (KOHA) | |
| Koha Dewey Subclass [OBSOLETE] | n.d. |
| 100 ## - MAIN ENTRY--PERSONAL NAME | |
| Personal name | AA.VV. |
| 9 (RLIN) | 794 |
| 100 ## - MAIN ENTRY--PERSONAL NAME | |
| Relator term | Autore musica |
| 9 (RLIN) | 6986 |
| 100 ## - MAIN ENTRY--PERSONAL NAME | |
| Miscellaneous information | Codice autore musica SPICS: 12000 |
| 9 (RLIN) | 796 |
| 245 ## - TITLE STATEMENT | |
| Title | O sole mio! (Lp Sm 3532) |
| 250 ## - EDITION STATEMENT | |
| Edition statement | 1a ed. |
| 260 ## - PUBLICATION, DISTRIBUTION, ETC. (IMPRINT) | |
| Place of publication, distribution, etc. | MILANO |
| 260 ## - PUBLICATION, DISTRIBUTION, ETC. (IMPRINT) | |
| Name of publisher, distributor, etc. | JOKER - W. GURTLER |
| Date of publication, distribution, etc. | 1973 [1a Ed.:1973] |
| 300 ## - PHYSICAL DESCRIPTION | |
| Extent | DISCO |
| 300 ## - PHYSICAL DESCRIPTION | |
| Dimensions | 38 minuti (Testo: pag.) |
| 500 ## - GENERAL NOTE | |
| General note | Canzone napoletana strumentale. Mandolini |
| 505 ## - FORMATTED CONTENTS NOTE | |
| Formatted contents note | Marechiare (3:00) - O sole mio (3:00) - O surdato 'nnamurato (4:00) - Canzone appassiunata (4:00) - Comme facette mammeta? (3:00) - Era de maggio (4:00) - Funiculì funiculà (4:00) - Maria, Marì! (4:00) - Ndringhete 'ndrà (4:00) - O marenariello (4:00) - Oilì, oilà! (4:00) - Furturella (3:00) |
| 511 ## - PARTICIPANT OR PERFORMER NOTE | |
| Participant or performer note | Orchestra e mandolini napoletani "Santa Lucia" |
| 650 ## - SUBJECT ADDED ENTRY--TOPICAL TERM | |
| Topical term or geographic name as entry element | CANZONE NAPOLET [DISCHI] |
| Relator term | Codice MATERIA SPICS: 9950 |
| 9 (RLIN) | 6987 |
| 700 ## - ADDED ENTRY--PERSONAL NAME | |
| Personal name | Orchestra e mandolini napoletani Santa Lucia |
| Miscellaneous information | Codice interprete SPICS: 14003 |
| 9 (RLIN) | 6988 |
| Relator term | Interprete |
| 700 ## - ADDED ENTRY--PERSONAL NAME | |
| Personal name | Tosti Francesco Paolo |
| Miscellaneous information | Codice autore musica SPICS: 13473 |
| Relator term | Autore musica |
| Name of part/section of a work | Marechiare |
| 9 (RLIN) | 6989 |
| 700 ## - ADDED ENTRY--PERSONAL NAME | |
| Personal name | Di Giacomo Salvatore |
| Miscellaneous information | Codice autore SPICS: 13668 |
| Relator term | Autore |
| Name of part/section of a work | Marechiare - Era de maggio - Oilì, oilà! |
| 9 (RLIN) | 6990 |
| 700 ## - ADDED ENTRY--PERSONAL NAME | |
| Personal name | Capurro Giovanni |
| Miscellaneous information | Codice autore musica SPICS: 13137 |
| Relator term | Autore musica |
| Name of part/section of a work | O sole mio |
| 9 (RLIN) | 6991 |
| 700 ## - ADDED ENTRY--PERSONAL NAME | |
| Personal name | Di Capua Edoardo |
| Miscellaneous information | Codice autore SPICS: 13138 |
| Relator term | Autore |
| Name of part/section of a work | O sole mio - Maria, Marì! |
| 9 (RLIN) | 6992 |
| 700 ## - ADDED ENTRY--PERSONAL NAME | |
| Personal name | Califano Aniello |
| Miscellaneous information | Codice autore musica SPICS: 13470 |
| Relator term | Autore musica |
| Name of part/section of a work | O surdato 'nnamurato |
| 9 (RLIN) | 6993 |
| 700 ## - ADDED ENTRY--PERSONAL NAME | |
| Personal name | Cannio Enrico |
| Miscellaneous information | Codice autore SPICS: 13705 |
| Relator term | Autore |
| Name of part/section of a work | O surdato 'nnamurato |
| 9 (RLIN) | 6994 |
| 700 ## - ADDED ENTRY--PERSONAL NAME | |
| Personal name | Mario E.A. (Gaeta Giovanni) |
| Miscellaneous information | Codice autore musica SPICS: 13440 |
| Relator term | Autore musica |
| Name of part/section of a work | Canzone appassiunata |
| 9 (RLIN) | 6995 |
| 700 ## - ADDED ENTRY--PERSONAL NAME | |
| Personal name | Capaldo Giuseppe |
| Miscellaneous information | Codice autore musica SPICS: 13709 |
| Relator term | Autore musica |
| Name of part/section of a work | Comme facette mammeta? |
| 9 (RLIN) | 6996 |
| 700 ## - ADDED ENTRY--PERSONAL NAME | |
| Personal name | Gambardella Salvatore |
| Miscellaneous information | Codice autore musica SPICS: 13700 |
| Relator term | Autore musica |
| Name of part/section of a work | Comme facette mammeta? - O marenariello - Furturella |
| 9 (RLIN) | 6997 |
| 700 ## - ADDED ENTRY--PERSONAL NAME | |
| Personal name | Costa A. |
| Miscellaneous information | Codice autore musica SPICS: 13206 |
| Relator term | Autore musica |
| Name of part/section of a work | Era de maggio - Oilì, oilà! |
| 9 (RLIN) | 6998 |
| 700 ## - ADDED ENTRY--PERSONAL NAME | |
| Personal name | Denza L. |
| Miscellaneous information | Codice autore musica SPICS: 13907 |
| Relator term | Autore musica |
| Name of part/section of a work | Funiculì funiculà |
| 9 (RLIN) | 6999 |
| 700 ## - ADDED ENTRY--PERSONAL NAME | |
| Personal name | Turco G. |
| Miscellaneous information | Codice autore SPICS: 14023 |
| Relator term | Autore |
| Name of part/section of a work | Funiculì funiculà |
| 9 (RLIN) | 7000 |
| 700 ## - ADDED ENTRY--PERSONAL NAME | |
| Personal name | Russo Vincenzo |
| Miscellaneous information | Codice autore musica SPICS: 13669 |
| Relator term | Autore musica |
| Name of part/section of a work | Maria, Marì! |
| 9 (RLIN) | 7001 |
| 700 ## - ADDED ENTRY--PERSONAL NAME | |
| Personal name | De Gregorio |
| Miscellaneous information | Codice autore musica SPICS: 14020 |
| Relator term | Autore musica |
| Name of part/section of a work | Ndringhete 'ndrà |
| 9 (RLIN) | 7002 |
| 700 ## - ADDED ENTRY--PERSONAL NAME | |
| Personal name | Cinquegrana P. |
| Miscellaneous information | Codice autore musica SPICS: 14019 |
| Relator term | Autore musica |
| Name of part/section of a work | Ndringhete 'ndrà - Furturella |
| 9 (RLIN) | 7003 |
| 700 ## - ADDED ENTRY--PERSONAL NAME | |
| Personal name | Ottaviano Gennaro |
| Miscellaneous information | Codice autore SPICS: 13701 |
| Relator term | Autore |
| Name of part/section of a work | O marenariello |
| 9 (RLIN) | 7004 |
| 942 ## - ADDED ENTRY ELEMENTS (KOHA) | |
| Koha item type | DISCHI |
| Source of classification or shelving scheme | Dewey Decimal Classification |
| Withdrawn status | Lost status | Damaged status | Not for loan | Home library | Current library | Date acquired | Total Checkouts | Full call number | Date last seen | Price effective from | Koha item type | Public note |
|---|---|---|---|---|---|---|---|---|---|---|---|---|
| Buone Condizioni | Not For Loan | SPICS-MEDIATECA | SPICS-MEDIATECA | 25/10/2013 | 23886 | 25/10/2013 | 25/10/2013 | DISCHI | Progr. Ins.: 4733 / N.Vol.: 1 / Copie: 1 - Copia rara: n.d. / date import: 01.01.2014 - By Epidotti, Trombetti, Vaglietti |